Statistics for Movie Mayhem

Click here to take the quiz!

General Stats

  • This quiz has been taken 244 times
  • The average score is 8 of 15

Answer Stats

HintAnswer% Correct
The Quick and The AngryThe Fast and The Furious
88%
Espionage OffspringSpy Kids
85%
Sibling UrsineBrother Bear
80%
Spinal Fracture PeakBrokeback Mountain
77%
The Knolls Possess Optical OrgansThe Hills Have Eyes
76%
AdultsGrown Ups
75%
FeralWild
75%
Di-hydrogen Monoxide UniverseWaterworld
68%
Hurry Three-thousand and Six Hundred SecondsRush Hour
49%
The Ferrous FemaleThe Iron Lady
49%
Emperor of the HoopsLord of the Rings
45%
Huge PaterfamiliasBig Daddy
31%
EnormousTitanic
10%
Mulch ConcoctionPulp Fiction
4%
DepartGet Out
2%

Score Distribution

Percentile by Number Answered

Percent of People with Each Score

Your Score History

You have not taken this quiz